000 00874nam2a2200217 4500
001 RU\NLR\BIBL_A\012615517
005 20250624090151.0
010 _a978-5-317-06598-0
035 _a(NLR Aleph) 012615517
090 _a12622955
_c12622955
100 _a20211011d2021 |||y0rusy50 ca
101 0 _arus
102 _aRU
200 0 _aВып. 18
210 _d2021
_aБ. м.
461 0 _1001RU\NLR\Per\696121
_12001#$aВопросы иберо-романистики$eсборник статей$fМГУ им. М. В. Ломоносова, Филол. фак.$vВып. 18
_93824538
_cМосква
_d2009 -
_fМГУ им. М. В. Ломоносова, Филол. фак.
_nМАКС Пресс
_oсборник статей
_tВопросы иберо-романистики
_vВып. 18
852 _aNLR
_jП34/1331
942 _cISSUE
980 _aNB
980 _aRUSPER